000
00308nam a2200109Ia 4500
008
220204s9999 xx 000 0 und d
082
_a
541.11:547
_b
JOH
100
_a
Johnson, D A
245
0
_a
Some thermodynamic aspects of inorganic chemistry
260
_a
Cambridge
_b
Cambridge Univ Press
_c
1968
942
_c
BK
999
_c
28081
_d
28081